01604nam a2200385Ia 4500001001200000003000800012006001900020007001500039008004100054010001700095020001500112020001500127020003100142040002100173035002100194050002500215082002000240100002100260245011800281250001200399260004300411300001400454504006600468533015200534650005500686650005800741650006900799650006700868650002800935650006600963655002901029710001701058856012601075999001701201ebr10150383CaPaEBRm u cr cn|||||||||051206s2006 nyu sb 001 0 eng d z 2005058613 z1403983542 z1403970130 z9781403970138 (alk. paper) aCaPaEBRcCaPaEBR a(OCoLC)56796496714aPR858.P6bC37 2006eb04a823/.5093582221 aCarnell, Rachel.10aPartisan politics, narrative realism, and the rise of the British novelh[electronic resource] /cRachel Carnell. a1st ed. aNew York :bPalgrave Macmillan,c2006. ax, 226 p. aIncludes bibliographical references (p. [205]-218) and index. aElectronic reproduction.bPalo Alto, Calif. :cebrary,d2009.nAvailable via World Wide Web.nAccess may be limited to ebrary affiliated libraries. 0aPolitical fiction, EnglishxHistory and criticism. 0aEnglish fictiony18th centuryxHistory and criticism. 0aEnglish fictionyEarly modern, 1500-1700xHistory and criticism. 0aPolitics and literaturezGreat BritainxHistoryy18th century. 0aPolitics in literature. 0aLiterature and societyzGreat BritainxHistoryy18th century. 7aElectronic books.2local2 aebrary, Inc.40uhttp://site.ebrary.com/lib/rucke/Doc?id=10150383zAn electronic book accessible through the World Wide Web; click to view c94581d94581